Mal's Top 30 Countries by Energy Consumption per Capita - Statistics

General Stats
  • This quiz has been taken 541 times
    354 since last reset
  • The average score is 20 of 30
Answer Stats
Hint Answer % Correct
7164 USA
100%
7379 Canada
91%
4003 Germany
89%
3898 Japan
89%
5593 Australia
83%
4030 France
82%
4943 Russia
80%
5059 South Korea
80%
5468 Sweden
80%
6637 Norway
79%
6787 Finland
77%
6167 Saudi Arabia
77%
5021 Netherlands
75%
8271 UAE
74%
12799 Qatar
73%
5585 Belgium
71%
16882 Iceland
71%
4166 New Zealand
70%
4033 Austria
68%
12204 Kuwait
67%
6455 Singapore
67%
7187 Oman
66%
7753 Bahrain
63%
8342 Luxembourg
62%
4154 Estonia
53%
4192 Czech Republic
43%
8308 Brunei
37%
4595 Kazakhstan
21%
4225 Turkmenistan
12%
15913 Trinidad & Tobago
10%
No matching quizzes found
Score Distribution
Percent of People with Each Score
Percentile by Number Answered
Your Score History
You have not taken this quiz since the last reset